famous songs from 2008-2021 - Statistics

General Stats
  • This quiz has been taken 23 times
  • The average score is 12 of 60
Answer Stats
Hint Answer % Correct
ed sheren shape of you
60%
tones and i :( dance monkey
50%
BTS dynamite
45%
john legend all of me
40%
maroon 5 girls like you
40%
lewis calppide someone you loved
40%
justin biber sorry
40%
carly rae jepsh call me maybe
35%
camila cableo havana
35%
katy perry roar
35%
post malone rockstar
35%
wiz kahlfia see you again
35%
twenty one piolts stressed out
35%
The weekend blinding lights
30%
lady gaga poker face
30%
swae lee sunflower
30%
kesha tiktok
30%
avici wake me up
30%
cardi b wap
30%
post malone better now
25%
thechainsmorkers closer
25%
olivia rodrigo good 4 u
25%
marshmellow happier
25%
blackpink how you like that
25%
jason derulo savage love
25%
Halsey without me
25%
anna marie 2002
20%
lukas graham 7 years old
20%
Blackpink kill this love
20%
jucie wrld lucid dreams
20%
xxxtenction sad
20%
the kid laori without you
20%
selna gomez wolves
20%
araina granda 7 rings
15%
rihana diamonds
15%
BTS dna
15%
jay sean down
15%
benny blanco eastside
15%
justin bibier love yourself
15%
jennie solo
15%
charle puth we dont talk anymore
15%
justin timberlake cant stop the feeling
10%
post malone goodbye
10%
demi lovato sorry not sorry
10%
shwan mendes treat you better
10%
bruno mars up town funk
10%
maroon 5 animals
5%
neyo akron and pitbull give me everything
5%
rose gone
5%
xxxtenction moonlight
5%
rose on the ground
5%
kelly clarkson stronger
5%
niki manja super bass
5%
21 savage bank account
0%
taio cruz break my heart
0%
drake god plan
0%
mike ponser i took a pill a ibiza
0%
BTS Life goes on
0%
ed shereen photograph
0%
post malone wow
0%
No matching quizzes found
Score Distribution
Percent of People with Each Score
Percentile by Number Answered
Your Score History
You have not taken this quiz